000 00702nas a2200229 4500
001 BR8901373
003 BR-BrBNA
005 20231205091504.0
007 ta
008 230509b bl.|||p| |||| 00| 00por d
040 _aBR-BrBNA
_bpor
_cBiblioteca Nacional de Agricultura
041 _a(Pt)
072 _aL10; L01
100 1 _aAlves Netto, F.
245 1 _aTeste de progenie de reprodutores de racas leiteiras
650 _aMELHORAMENTO ANIMAL
650 _aMELHORAMENTO GENETICO ANIMAL
650 _aPRODUCAO LEITEIRA
773 0 _tRevista dos Criadores (Brazil)
_xISSN 0034-9259
_g(Feb 1987), v. 56(685) p. 49
_wBR8901373
909 _a202311
_bLúcia
_c55
_dLúcia Elande
942 _2AGRIS
_n0
_cANA
999 _c125424
_d125424